Novedades Laborales 2013

Detalles Bibliográficos
Formato: eBook
Lenguaje:español
Publicado: Barcelona : Amado Consultores, 2013
Materias:
Acceso en línea:Acceso restringido

MARC

LEADER 00000nam a22000007a 4500
005 20131126181131.0
007 cr|||| ||||
008 131126s2013 es |||||s|||| 00||0 spa d
020 |a 978-84-940087-2-6 
035 |a 11620 
040 |a vLex 
090 |c 4571  |d 4571 
245 1 0 |a Novedades Laborales 2013  |h [Recurso electrn̤ico] 
256 |a 1 servicio en ln̕ea 
260 |a Barcelona :  |b Amado Consultores,  |c 2013 
300 |a 1 recurso electrn̤ico 
506 1 |a Contenido solo disponible en los productos indicados  |d vLex Global  |d vLex Global (Academic Edition, excluding Law Schools)  |d vLex Global (U.S. Academic Edition, Law Schools)  |d vLex Global (U.S. Academic Edition, excluding Law Schools)  |d vLex Global (Academic Edition, Law Schools) 
650 0 4 |a Derecho laboral  |z Acceso restringido 
740 0 |a vLex Libros (Servicio en ln̕ea) 
856 4 0 |u http://vlex.com/source/novedades-laborales-2013-11620  |z Acceso restringido 
942 |c BOOK 
999 0 |a Labor laws and legislation